000 00758nam a2200217Ia 4500
003 OSt
005 20250313160857.0
008 210210b2011 xxu||||| |||| 00| 0 eng d
020 _a9788188573363
040 _cAL
041 _ahin
082 _aH891.309 TANR
100 _aTANKIKAR (Shobha Narayanrav):
_9206247
110 _bटंकीकार शोभा नारायण राव
_9206248
245 _aRajendr yadav ke kathatmak sahity mein nari samasyaye:
_bराजेन्द यादव के कथात्मक साहित्य में नारी समस्याएँ
260 _aKanpur
_bChandr Prakashana
_c2011
300 _a112
690 _aHindi Criticism
_9206249
906 _a065794
942 _2ddc
_cBK
999 _c147093
_d147093